| 000 | 00954nam a22002297a 4500 | ||
|---|---|---|---|
| 999 |
_c573 _d573 |
||
| 003 | AR-CdUCM | ||
| 008 | 190225b ||||| |||| 00| 0 spa d | ||
| 040 |
_aMUNICIPALIDAD PROVINCIAL DEL CUSCO _cBIBLIOTECA MUNICIPAL DEL CUSCO |
||
| 082 |
_a 460.7 / _bC55 |
||
| 100 |
_aCisneros, Luis Jaime _92230 |
||
| 245 | _aLengua y enseñanza / | ||
| 260 |
_aLima : _bStudium, _c1969. |
||
| 300 |
_a140 páginas ; _c21 cm. |
||
| 500 | _zIncluye referencias bibliográficas | ||
| 505 | _aContenido: La enseñanza científica del español en Hispanoamérica -- Pronunciación y ortografía: reflexiones -- Enseñanza del vocabulario: mis experiencias -- El problema de la lectura -- Temas de sintaxis y estilo -- La obra literaria, creación lingüística ... | ||
| 650 |
_aOrtografía _92067 |
||
| 650 |
_aRedacción _92231 |
||
| 650 |
_aNueva pedagogía _92232 |
||
| 650 |
_aPropiedad léxica _92233 |
||
| 942 |
_2ddc _cLIBROS |
||
| 945 |
_araen _d2019-02-25 |
||